000
00242 a2200097 4500
001
52516
100
_a
Taylor J W R
245
_a
Jane's All The World Aircraft (1982-1983)
260
_a
New York
_b
Jane's Publishers
_c
090
_c
33003
_d
33003
942
_a
NUST-CAE
_c
M
_c
25563
999
_c
287589
_d
287589